Estadísticas para 10 Ciudades más Pobladas por Región de Chile

Haz click aquí para intentar la prueba.

Estadísticas generales

  • Esta prueba ha sido intentada 11 veces
  • La puntuación promedio es 52 de 160

Estadísticas de respuestas

RegiónPoblaciónLocalidad% Correcto
Metropolitana402.847 hab.Santiago
100%
Valparaíso251.177 hab.Valparaíso
82%
Biobío217.537 hab.Concepción
73%
Atacama150.804 hab.Copiapó
73%
Coquimbo204.068 hab.Coquimbo
73%
Magallanes123.403 hab.Punta Arenas
73%
Valparaíso332.875 hab.Viña del Mar
73%
Antofagasta348.517 hab.Antofagasta
64%
Arica y Parinacota202.131 hab.Arica
64%
Tarapacá188.003 hab.Iquique
64%
Coquimbo195.382 hab.La Serena
64%
Los Lagos169.736 hab.Puerto Montt
64%
O'Higgins231.370 hab.Rancagua
64%
Maule206.069 hab.Talca
64%
Biobío147.831 hab.Talcahuano
64%
Los Lagos28.162 hab.Ancud
55%
Atacama15.547 hab.Caldera
55%
Los Lagos33.417 hab.Castro
55%
Ñuble164.270 hab.Chillán
55%
Aysén49.667 hab.Coyhaique
55%
Maule125.275 hab.Curicó
55%
Valparaíso47.072 hab.La Calera
55%
Metropolitana294.480 hab.Las Condes
55%
Coquimbo13.516 hab.Los Vilos
55%
Metropolitana515.240 hab.Maipú
55%
Los Lagos147.666 hab.Osorno
55%
Metropolitana566.561 hab.Puente Alto
55%
Araucanía235.509 hab.Temuco
55%
Los Ríos150.048 hab.Valdivia
55%
Antofagasta157.575 hab.Calama
45%
Valparaíso39.345 hab.Concón
45%
Los Lagos12.876 hab.Frutillar
45%
Biobío90.704 hab.Hualpén
45%
Valparaíso59.388 hab.Los Andes
45%
Biobío143.023 hab.Los Ángeles
45%
Biobío43.272 hab.Lota
45%
Metropolitana208.048 hab.Ñuñoa
45%
Metropolitana241.394 hab.Peñalolén
45%
Magallanes5.992 hab.Porvenir
45%
Araucanía17.538 hab.Pucón
45%
Magallanes19.023 hab.Puerto Natales
45%
Los Lagos26.172 hab.Puerto Varas
45%
Magallanes1.868 hab.Puerto Williams
45%
Arica y Parinacota1.716 hab.Putre
45%
Valparaíso73.261 hab.Quillota
45%
Valparaíso86.239 hab.San Antonio
45%
Metropolitana290.912 hab.San Bernardo
45%
O'Higgins58.367 hab.San Fernando
45%
Antofagasta5.347 hab.San Pedro de Atacama
45%
Biobío131.521 hab.San Pedro de La Paz
45%
Tarapacá105.065 hab.Alto Hospicio
36%
Araucanía48.608 hab.Angol
36%
Aysén3.129 hab.Chile Chico
36%
Biobío112.057 hab.Coronel
36%
Arica y Parinacota280 hab.Coronel Alcérreca
36%
Metropolitana366.376 hab.La Florida
36%
Maule73.602 hab.Linares
36%
Los Lagos12.945 hab.Llanquihue
36%
Antofagasta12.784 hab.Mejillones
36%
Coquimbo75.864 hab.Ovalle
36%
Tarapacá3.876 hab.Pica
36%
Tarapacá9.277 hab.Pozo Almonte
36%
Los Lagos17.552 hab.Quellón
36%
Metropolitana209.676 hab.Quilicura
36%
Valparaíso147.991 hab.Quilpué
36%
Valparaíso64.120 hab.San Felipe
36%
Los Ríos9.767 hab.San José de la Mariquina
36%
Arica y Parinacota1.001 hab.San Miguel de Azapa
36%
Antofagasta24.521 hab.Tocopilla
36%
Biobío42.312 hab.Tomé
36%
Atacama45.298 hab.Vallenar
36%
Coquimbo15.872 hab.Vicuña
36%
Araucanía31.780 hab.Villarrica
36%
Los Lagos15.903 hab.Calbuco
27%
Tarapacá396 hab.Camiña
27%
Atacama11.073 hab.Chañaral
27%
Biobío85.633 hab.Chiguayante
27%
Maule34.022 hab.Constitución
27%
O'Higgins28.679 hab.Graneros
27%
Tarapacá1.082 hab.Huara
27%
Atacama7.071 hab.Huasco
27%
Coquimbo20.751 hab.Illapel
27%
Los Ríos26.517 hab.La Unión
27%
O'Higgins48.667 hab.Machalí
27%
Antofagasta4.902 hab.María Elena
27%
Aysén1.329 hab.Melinka
27%
Coquimbo6.533 hab.Monte Patria
27%
Los Ríos11.091 hab.Panguipulli
27%
Maule30.767 hab.Parral
27%
Biobío46.718 hab.Penco
27%
O'Higgins12.776 hab.Pichilemu
27%
Metropolitana205.558 hab.Pudahuel
27%
Los Ríos16.909 hab.Río Bueno
27%
Ñuble32.359 hab.San Carlos
27%
O'Higgins12.719 hab.San Francisco de Mostazal
27%
O'Higgins20.827 hab.San Vicente de Tagua Tagua
27%
Araucanía24.773 hab.Victoria
27%
Valparaíso125.140 hab.Villa Alemana
27%
Arica y Parinacota870 hab.Villa Frontera
27%
Ñuble10.884 hab.Yungay
27%
Los Lagos42.267 hab.Alerce
18%
Coquimbo9.989 hab.Andacollo
18%
Maule32.135 hab.Cauquenes
18%
Antofagasta1.466 hab.Cerro Moreno
18%
Ñuble27.359 hab.Chillán Viejo
18%
O'Higgins16.813 hab.Chimbarongo
18%
Aysén2.789 hab.Cochrane
18%
Atacama7.223 hab.Diego de Almagro
18%
Ñuble4.855 hab.El Carmen
18%
Atacama6.032 hab.El Salvador
18%
Atacama3.504 hab.Freirina
18%
Los Ríos7.095 hab.Futrono
18%
Aysén1.431 hab.La Junta
18%
Los Ríos8.521 hab.Lanco
18%
Tarapacá837 hab.La Tirana
18%
Araucanía24.280 hab.Lautaro
18%
Los Ríos4.239 hab.Máfil
18%
Maule37.189 hab.Molina
18%
Araucanía18.751 hab.Nueva Imperial
18%
Araucanía42.020 hab.Padre Las Casas
18%
Aysén17.441 hab.Puerto Aysén
18%
Aysén2.558 hab.Puerto Cisnes
18%
Ñuble10.279 hab.Quillón
18%
Ñuble9.432 hab.Quirihue
18%
O'Higgins37.721 hab.Rengo
18%
Coquimbo13.820 hab.Salamanca
18%
Maule20.350 hab.San Clemente
18%
Arica y Parinacota273 hab.San Francisco de Asís
18%
Maule29.017 hab.San Javier
18%
O'Higgins22.681 hab.Santa Cruz
18%
Antofagasta10.933 hab.Taltal
18%
Atacama9.857 hab.Tierra Amarilla
18%
Antofagasta647 hab.Toconao
18%
Arica y Parinacota387 hab.Acha
9%
Antofagasta858 hab.Baquedano
9%
Tarapacá587 hab.Baquedano
9%
Ñuble11.072 hab.Bulnes
9%
Magallanes693 hab.Cerro Sombrero
9%
Tarapacá603 hab.Chanavayita
9%
Ñuble10.297 hab.Coelemu
9%
Ñuble9.089 hab.Coihueco
9%
Maule30.278 hab.Culenar
9%
Arica y Parinacota245 hab.Dieciocho de Septiembre
9%
Coquimbo6.175 hab.El Palqui
9%
Tarapacá2.399 hab.Huantajaya
9%
Atacama1.589 hab.Huasco Bajo
9%
Araucanía24.008 hab.Labranza
9%
Los Ríos9.746 hab.Los Lagos
9%
Los Ríos11.296 hab.Paillaco
9%
Magallanes389 hab.Pampa Alegre
9%
Araucanía16.516 hab.Pitrufquén
9%
Aysén1.239 hab.Puerto Chacabuco
9%
Magallanes217 hab.Puerto Harris
9%
Aysén855 hab.Puyuhuapi
9%
Magallanes431 hab.René Schneider
9%
Magallanes702 hab.Río Seco
9%
Arica y Parinacota313 hab.Santa Rosa
9%
Arica y Parinacota519 hab.Valle Hermoso
9%
Aysén1.561 hab.Villa Mañihuales
9%
Magallanes215 hab.Llau Llau
0%

Distribución de puntuación

Porcentaje por número respondido

Porcentaje de gente con cada puntuación

Historial de tus puntuaciones

No has intentado esta prueba.